|
|
|
|
| LEADER |
00000cam a2200000 7i4500 |
| 001 |
0000002292 |
| 005 |
20021118093000.0 |
| 008 |
021118n |
| 020 |
|
|
|a 0789702363
|
| 090 |
0 |
0 |
|a QA76.76.H94
|b S25 1995 kit
|
| 100 |
0 |
|
|a Savola, Tom ,
|e author
|
| 245 |
0 |
0 |
|a Using HTML
|c written by Tom Savola with Alan Westenbroek, Joseph Heck
|
| 250 |
|
|
|a Special ed.
|
| 300 |
|
|
|a xxi, 673 p. ; ;
|c 24 cm. + 1 computer optical laser disk.
|
| 501 |
|
|
|a Includes index
|
| 650 |
|
0 |
|a HTML (Document markup language)
|
| 650 |
|
0 |
|a Hypertext systems
|
| 999 |
|
|
|a 1000059912
|b Book
|c OPEN SHELF (30 DAYS)
|e Tembila Campus
|
| 999 |
|
|
|a 1000077697
|b CD-ROM
|c Close Access
|e Gong Badak Campus
|